US States With 8 Letters - Statistics

General Stats
  • This quiz has been taken 56 times
  • The average score is 7 of 11
Answer Stats
Answer % Correct
Arkansas
71%
Michigan
71%
Illinois
68%
Kentucky
66%
Colorado
61%
Delaware
61%
Missouri
61%
Nebraska
61%
Maryland
56%
Oklahoma
56%
Virginia
54%
No matching quizzes found
Score Distribution
Percent of People with Each Score
Percentile by Number Answered
Your Score History
You have not taken this quiz